000 00792nab a2200241u 4500
001 15735
003 HDC
007 c| |||a|c|aaaa
008 210218b20140407my ||||| |||| 00| 0 may d
040 _aHDC
100 _aShahrizan Salian /
_eauthor
_98378
245 0 _aMALAYSIA dapat kepercayaan /
_cShahrizan Salian
336 _atext
_2rdacontent
337 _acomputer
_2rdamedia
338 _aonline resource
_2rdacarrier
650 _asmall and medium enterprises (SME)
_97657
650 _aStandard Chartered
_915819
710 _aBERITA HARIAN
856 _zRequest full-text at [email protected]
942 _2lcc
942 _cNEWS
942 _kNWSC 003732
999 _c13051
_d13051